A hundred encounters / (Record no. 26282)
[ view plain ]
| 000 -LEADER | |
|---|---|
| fixed length control field | 00702 a2200181 4500 |
| 010 ## - LCCN (DPL NO) | |
| LC control number | B-285046, B-215243 |
| 020 ## - INTERNATIONAL STANDARD BOOK NUMBER | |
| International Standard Book Number | 8171679641 |
| Terms of availability | 395.00 |
| 020 ## - INTERNATIONAL STANDARD BOOK NUMBER | |
| International Standard Book Number | 9788171679645 |
| Terms of availability | 395.00 |
| 035 ## - SYSTEM CONTROL NUMBER | |
| System control number | B-285046, B-215251, B-215237, B-215253 |
| 037 ## - SOURCE OF ACQUISITION | |
| Source of stock number/acquisition | UBH |
| 082 ## - DEWEY DECIMAL CLASSIFICATION NUMBER | |
| Classification number | 888 |
| 245 ## - TITLE STATEMENT | |
| Title | A hundred encounters / |
| Statement of responsibility, etc | by Sham Lal |
| 260 ## - PUBLICATION, DISTRIBUTION, ETC. (IMPRINT) | |
| Place of publication, distribution, etc | New Delhi |
| Name of publisher, distributor, etc | Rupa |
| Date of publication, distribution, etc | 2007 |
| 270 ## - ADDRESS | |
| Address | 7/16, Ansari Road, Darya Ganj |
| City | New Delhi |
| Postal code | 110017 |
| 300 ## - PHYSICAL DESCRIPTION | |
| Extent | xiii, 535p. |
| Dimensions | 20cm. (pbk) |
| 942 ## - ADDED ENTRY ELEMENTS (KOHA) | |
| Institution code [OBSOLETE] | dpl |
| Item type | English Books |
| Source of classification or shelving scheme | Dewey Decimal Classification |
| Classification part | 888 |
| Call number suffix | SHA |
| Withdrawn status | Lost status | Not for loan | Collection code | Home library | Current library | Date acquired | Source of acquisition | Cost, normal purchase price | Full call number | Barcode | Copy number | Cost, replacement price | Koha item type |
|---|---|---|---|---|---|---|---|---|---|---|---|---|---|
| Non-fiction | Patel Nagar | Patel Nagar | 02/07/2018 | BPPD/Pub | 395.00 | 888 SHA | B-215237 | 1 | 395.00 | English Books | |||
| Non-fiction | R.K.Puram-8 | R.K.Puram-8 | 04/12/2021 | 395.00 | 888 SHA | B-215243 | 1 | 395.00 | English Books | ||||
| Non-fiction | Sarojini Nagar | Sarojini Nagar | 12/02/2019 | 888 SHA | B-215257 | English Books | |||||||
| Non-fiction | Sarojini Nagar | Sarojini Nagar | 20/06/2019 | 888 SHA | B-215242 | English Books | |||||||
| Non-fiction | Shahdara Branch | Shahdara Branch | 29/05/2018 | BPPD/PUB | 395.00 | 888 SHA | B-215251 | 395.00 | English Books | ||||
| Non-fiction | Vigyan Vihar | Vigyan Vihar | 16/02/2019 | BPPD/PUB | 395.00 | 888 SHA | B-215253 | 395.00 | English Books | ||||
| Fiction | Vinoba Puri | Vinoba Puri | 13/05/2009 | UBH/143/25.8.08/187/21.7.08/29.8.08 | 395.00 | 888 SHA | B*285046 | 1 | 395.00 | English Books |
